[Event "SVK-chT2A 2223"]
[Site "Slovakia"]
[Date "2023.03.25"]
[Round "10.2"]
[White "Banas, Jan"]
[Black "Schwarz, Dusan"]
[Result "1/2-1/2"]
[WhiteElo "2203"]
[BlackElo "2288"]
[PlyCount "49"]
[EventDate "2022.10.08"]
[EventType "team-tourn"]
[EventRounds "11"]
[EventCountry "SVK"]
[SourceTitle "EXT 2024"]
[Source "ChessBase"]
[SourceDate "2023.10.10"]
[SourceVersion "1"]
[SourceVersionDate "2023.10.10"]
[SourceQuality "1"]
[WhiteTeam "Cifer"]
[BlackTeam "Bratislava Doprastav II"]
[WhiteTeamCountry "SVK"]
[BlackTeamCountry "SVK"]

1. c4 e5 2. Nc3 d6 3. d4 exd4 4. Qxd4 Nf6 5. b3 Nc6 6. Qd2 g6 7. Bb2 Bg7 8. g3 0-0 9. Bg2 Re8 10. Nh3 Bxh3 11. Bxh3 d5 12. cxd5 Nxd5 13. Nxd5 Bxb2 14. Qxb2 Qxd5 15. 0-0 Qh5 16. Bg2 Qxe2 17. Qxe2 Rxe2 18. Bxc6 bxc6 19. Rfe1 Rd2 20. Red1 Rad8 21. Rxd2 Rxd2 22. Rc1 Rxa2 23. Rxc6 Rb2 24. Rxc7 Rxb3 25. Rxa7 1/2-1/2

[Event "Piestany Slovakia op-A"]
[Site "Piestany"]
[Date "2022.07.11"]
[Round "1"]
[White "Haring, Filip"]
[Black "Banas, Jan"]
[Result "1-0"]
[WhiteElo "2451"]
[BlackElo "2206"]
[PlyCount "63"]
[EventDate "2022.07.11"]
[EventType "swiss"]
[EventRounds "9"]
[EventCountry "SVK"]
[SourceTitle "CBM 209 Extra"]
[Source "ChessBase"]
[SourceDate "2022.09.30"]
[SourceVersion "1"]
[SourceVersionDate "2022.09.30"]
[SourceQuality "1"]

1. e4 c5 2. Nf3 e6 3. d4 cxd4 4. Nxd4 a6 5. Bd3 Nf6 6. 0-0 d6 7. c4 Qc7 8. Nc3 b6 9. Kh1 Bb7 10. f4 Nbd7 11. Qf3 g6 12. Bd2 Bg7 13. Rae1 0-0 14. Qh3 Nc5 15. Bb1 Nfxe4 16. Nxe4 Bxd4 17. Ng5 h5 18. b4 Na4 19. Qd3 Bf6 20. f5 exf5 21. Rxf5 Nb2 22. Qc2 Qc6 23. Rg1 Bg7 24. Rxf7 Rxf7 25. Nxf7 Rf8 26. Nh6+ Bxh6 27. Qxg6+ Bg7 28. Qh7+ Kf7 29. Bc3 Ke6 30. Qg6+ Ke7 31. Qxg7+ Rf7 32. Bf6+ 1-0

[Event "SVK-chT2A 2122"]
[Site "Slovakia"]
[Date "2022.04.30"]
[Round "10.1"]
[White "Banas, Jan"]
[Black "Skreko, Igor1111"]
[Result "1-0"]
[WhiteElo "2206"]
[BlackElo "2065"]
[PlyCount "45"]
[EventDate "2021.10.16"]
[EventType "team-tourn"]
[EventRounds "11"]
[EventCountry "SVK"]
[SourceTitle "EXT 2023"]
[Source "ChessBase"]
[SourceDate "2022.10.05"]
[SourceVersion "1"]
[SourceVersionDate "2022.10.05"]
[SourceQuality "1"]
[WhiteTeam "Cífer"]
[BlackTeam "Osuske II"]
[WhiteTeamCountry "SVK"]
[BlackTeamCountry "SVK"]

1. c4 Nf6 2. Nc3 g6 3. e4 d6 4. d4 Bg7 5. f3 0-0 6. Nge2 a6 7. Be3 Nbd7 8. Qd2 c5 9. d5 Qa5 10. Ng3 Ne5 11. Be2 b5 12. cxb5 axb5 13. Nxb5 Bd7 14. a4 Rfb8 15. Qxa5 Rxa5 16. 0-0 c4 17. Bd2 Ra6 18. Bc3 Bxb5 19. axb5 Rxa1 20. Rxa1 Nfd7 21. Ra7 Rxb5 22. f4 Bh6 23. Ra8+ 1-0

[Event "SVK-chT2A 2122"]
[Site "Slovakia"]
[Date "2021.11.13"]
[Round "3.1"]
[White "Baidetsky, Valentin"]
[Black "Banas, Jan"]
[Result "1-0"]
[WhiteElo "2414"]
[BlackElo "2222"]
[PlyCount "85"]
[EventDate "2021.10.16"]
[EventType "team-tourn"]
[EventRounds "11"]
[EventCountry "SVK"]
[SourceTitle "EXT 2023"]
[Source "ChessBase"]
[SourceDate "2022.10.05"]
[SourceVersion "1"]
[SourceVersionDate "2022.10.05"]
[SourceQuality "1"]
[WhiteTeam "Modra II"]
[BlackTeam "Cífer"]
[WhiteTeamCountry "SVK"]
[BlackTeamCountry "SVK"]

1. d4 c5 2. d5 f5 3. g3 Nf6 4. Bg2 g6 5. Nh3 d6 6. Nf4 Na6 7. h4 Nc7 8. Nc3 b5 9. a4 b4 10. Nb5 a6 11. Nxc7+ Qxc7 12. h5 Rg8 13. hxg6 hxg6 14. Qd3 c4 15. Qd4 Rb8 16. Ne6 Bxe6 17. dxe6 Bg7 18. e4 Qc6 19. Bg5 fxe4 20. Rd1 Kf8 21. Rh4 d5 22. Rf4 Qxe6 23. Qxd5 Qxd5 24. Rxd5 Kf7 25. Bxe4 Rgd8 26. Rxd8 Rxd8 27. Bb7 c3 28. bxc3 bxc3 29. Bxa6 e5 30. Bc4+ Ke7 31. Rf3 Ra8 32. Bb3 Rc8 33. Re3 Kd6 34. Rd3+ Ke7 35. Rd5 e4 36. Re5+ Kf8 37. Bc1 Bh8 38. Ba3+ Kg7 39. a5 Ra8 40. Bc4 Ne8 41. a6 Kf6 42. Re7 Bg7 43. a7 1-0

[Event "SVK-chT2A 1920"]
[Site "Slovakia"]
[Date "2020.02.16"]
[Round "9.1"]
[White "Ruckschloss, Karol"]
[Black "Banas, Jan"]
[Result "1/2-1/2"]
[WhiteElo "2193"]
[BlackElo "2238"]
[PlyCount "22"]
[EventDate "2019.10.26"]
[EventType "team-tourn"]
[EventRounds "11"]
[EventCountry "SVK"]
[SourceTitle "CBM 195 Extra"]
[Source "ChessBase"]
[SourceDate "2020.05.31"]
[SourceVersion "1"]
[SourceVersionDate "2020.05.31"]
[SourceQuality "1"]
[WhiteTeam "Bratislava Slovan IV"]
[BlackTeam "Cifer"]
[WhiteTeamCountry "SVK"]
[BlackTeamCountry "SVK"]

1. g3 Nf6 2. Bg2 d5 3. d4 g6 4. Nf3 Bg7 5. 0-0 0-0 6. c4 dxc4 7. Ne5 Ne8 8. Na3 Nd6 9. e3 c6 10. Naxc4 Nxc4 11. Nxc4 Be6 1/2-1/2

[Event "Banska Stiavnica V4 op"]
[Site "Banska Stiavnica"]
[Date "2017.07.15"]
[Round "8"]
[White "Banas, Jan"]
[Black "Kucharska, Honorata"]
[Result "1-0"]
[WhiteElo "2215"]
[BlackElo "2063"]
[PlyCount "77"]
[EventDate "2017.07.08"]
[EventType "swiss"]
[EventRounds "9"]
[EventCountry "SVK"]
[SourceTitle "CBM 179 Extra"]
[Source "ChessBase"]
[SourceDate "2017.08.23"]
[SourceVersion "1"]
[SourceVersionDate "2017.08.23"]
[SourceQuality "1"]

1. e4 d6 2. d4 Nf6 3. Nc3 e5 4. Nge2 Nbd7 5. g3 Be7 6. Bg2 0-0 7. 0-0 c6 8. a4 a5 9. h3 exd4 10. Nxd4 Nc5 11. Be3 Re8 12. Qd2 Bf8 13. f3 h6 14. Rad1 Be6 15. Nxe6 Nxe6 16. Qf2 Qe7 17. Rfe1 Nc7 18. Kh2 Qd7 19. Bd4 Nh7 20. f4 Na6 21. Bb6 Nb4 22. e5 d5 23. h4 f5 24. Bh3 Qf7 25. Rd2 Ra6 26. Ne2 Rxb6 27. Qxb6 Na6 28. Qd4 Bc5 29. Qd3 Rf8 30. Nd4 g6 31. Nxc6 bxc6 32. Qxa6 Qc7 33. Qd3 Re8 34. h5 Nf6 35. exf6 Rxe1 36. hxg6 Qb6 37. Qxf5 Bf8 38. Bg2 Qe3 39. Qd7 1-0

[Event "Banska Stiavnica V4 op"]
[Site "Banska Stiavnica"]
[Date "2017.07.14"]
[Round "7"]
[White "Bango, Lukas"]
[Black "Banas, Jan"]
[Result "1/2-1/2"]
[WhiteElo "2050"]
[BlackElo "2215"]
[PlyCount "94"]
[EventDate "2017.07.08"]
[EventType "swiss"]
[EventRounds "9"]
[EventCountry "SVK"]
[SourceTitle "CBM 179 Extra"]
[Source "ChessBase"]
[SourceDate "2017.08.23"]
[SourceVersion "1"]
[SourceVersionDate "2017.08.23"]
[SourceQuality "1"]

1. e4 c5 2. Nf3 d6 3. c3 Nf6 4. Be2 g6 5. 0-0 Bg7 6. Re1 0-0 7. Bf1 Nc6 8. d4 cxd4 9. cxd4 Bg4 10. Nc3 e5 11. dxe5 dxe5 12. Be3 Qxd1 13. Raxd1 Rfd8 14. Bc4 h6 15. h3 Bxf3 16. gxf3 Nd4 17. Bxd4 exd4 18. Ne2 Rac8 19. b3 Nd7 20. f4 Nb6 21. Bd3 Bf8 22. Rc1 Ba3 23. Rxc8 Nxc8 24. Kg2 Ne7 25. Kf3 a6 26. Rd1 Nc6 27. e5 Bc5 28. Be4 Bb6 29. Nc1 a5 30. Bxc6 bxc6 31. Nd3 c5 32. Rc1 Kg7 33. Nxc5 Bxc5 34. Rxc5 d3 35. Rc1 d2 36. Rd1 Rd3+ 37. Ke4 Rxh3 38. Rxd2 h5 39. Rd7 Rh1 40. Kf3 Kf8 41. Ra7 Rg1 42. e6 fxe6 43. Rxa5 Kf7 44. a4 h4 45. Rg5 Rb1 46. Kg4 Rxb3 47. Kxh4 Rb4 1/2-1/2

[Event "Backi Petrovac Cani Memorial"]
[Site "Backi Petrovac"]
[Date "2017.03.25"]
[Round "9"]
[White "Banas, Jan"]
[Black "Certek, Pavel"]
[Result "0-1"]
[WhiteElo "2223"]
[BlackElo "2259"]
[PlyCount "62"]
[EventDate "2017.03.20"]
[EventType "swiss"]
[EventRounds "9"]
[EventCountry "SRB"]
[SourceTitle "CBM 177 Extra"]
[Source "ChessBase"]
[SourceDate "2017.04.27"]
[SourceVersion "1"]
[SourceVersionDate "2017.04.27"]
[SourceQuality "1"]

1. c4 c6 2. e4 d5 3. exd5 cxd5 4. cxd5 Nf6 5. Nc3 g6 6. d4 Bg7 7. Bb5+ Nbd7 8. d6 0-0 9. dxe7 Qxe7+ 10. Nge2 a6 11. Bxd7 Qxd7 12. 0-0 b5 13. Bf4 Bb7 14. Be5 Rac8 15. Qb3 Rc4 16. Rad1 Rfc8 17. Nf4 Qf5 18. Nce2 Nd5 19. Bxg7 Nxf4 20. Nxf4 Kxg7 21. Qe3 Rd8 22. g3 g5 23. Ne2 Bf3 24. Rfe1 Re8 25. Qxe8 Qh3 26. Qe5+ Kg6 27. Qxg5+ Kxg5 28. Nf4 Qc8 29. Re5+ Kf6 30. Rde1 Rxd4 31. Re8 Qxe8 0-1

[Event "Backi Petrovac Cani Memorial"]
[Site "Backi Petrovac"]
[Date "2017.03.24"]
[Round "8"]
[White "Lajthajm, Borko"]
[Black "Banas, Jan"]
[Result "1-0"]
[WhiteElo "2427"]
[BlackElo "2223"]
[PlyCount "99"]
[EventDate "2017.03.20"]
[EventType "swiss"]
[EventRounds "9"]
[EventCountry "SRB"]
[SourceTitle "CBM 177 Extra"]
[Source "ChessBase"]
[SourceDate "2017.04.27"]
[SourceVersion "1"]
[SourceVersionDate "2017.04.27"]
[SourceQuality "1"]

1. d4 Nf6 2. c4 g6 3. Nc3 d5 4. Nf3 Bg7 5. Bg5 Ne4 6. Bh4 Nxc3 7. bxc3 dxc4 8. Qa4+ c6 9. Qxc4 Qa5 10. e3 Na6 11. Qb3 Nc5 12. Qb4 Qxb4 13. cxb4 Ne4 14. Bd3 Nd6 15. Ke2 Nf5 16. Bg5 h6 17. Bf4 g5 18. Bc7 Nd6 19. Rac1 Kd7 20. Bxd6 Kxd6 21. Rhd1 Bg4 22. h3 Bxf3+ 23. Kxf3 e6 24. Rc5 Rhc8 25. b5 cxb5 26. Rxb5 b6 27. a4 Bf6 28. a5 Bd8 29. a6 Rc3 30. Kg4 Rac8 31. e4 Ra3 32. Rb2 Rcc3 33. Be2 Rcb3 34. Rc2 Rc3 35. e5+ Ke7 36. Rxc3 Rxc3 37. Kh5 Rc2 38. Bf3 b5 39. Rb1 Ra2 40. Rxb5 Rxa6 41. Rb7+ Kf8 42. Rb8 Ke8 43. Kxh6 Rb6 44. Ra8 a5 45. Kg7 Kd7 46. Rxa5 Rb4 47. Ra7+ Bc7 48. d5 exd5 49. Kxf7 Rf4+ 50. Kg6 1-0

[Event "Backi Petrovac Cani Memorial"]
[Site "Backi Petrovac"]
[Date "2017.03.23"]
[Round "6"]
[White "Banas, Jan"]
[Black "Sredojevic, Ivan"]
[Result "1/2-1/2"]
[WhiteElo "2223"]
[BlackElo "2367"]
[PlyCount "33"]
[EventDate "2017.03.20"]
[EventType "swiss"]
[EventRounds "9"]
[EventCountry "SRB"]
[SourceTitle "CBM 177 Extra"]
[Source "ChessBase"]
[SourceDate "2017.04.27"]
[SourceVersion "1"]
[SourceVersionDate "2017.04.27"]
[SourceQuality "1"]

1. c4 g6 2. e4 Bg7 3. d4 d6 4. Nc3 Nf6 5. Be2 0-0 6. Nf3 e5 7. d5 Na6 8. 0-0 Nc5 9. Qc2 a5 10. Bg5 h6 11. Be3 Nh5 12. g3 Bh3 13. Rfe1 Qd7 14. Nd2 Nf6 15. f3 Nh7 16. Nb3 b6 17. Qd2 1/2-1/2

[Event "SVK-chT1W 1617"]
[Site "Slovakia"]
[Date "2016.10.15"]
[Round "1.1"]
[White "Certek, Pavel"]
[Black "Banas, Jan"]
[Result "1/2-1/2"]
[WhiteElo "2249"]
[BlackElo "2234"]
[PlyCount "67"]
[EventDate "2016.10.15"]
[EventType "team-tourn"]
[EventRounds "11"]
[EventCountry "SVK"]
[SourceTitle "CBM 175 Extra"]
[Source "ChessBase"]
[SourceDate "2016.12.12"]
[SourceVersion "1"]
[SourceVersionDate "2016.12.12"]
[SourceQuality "1"]
[WhiteTeam "Bratislava Slovan III"]
[BlackTeam "Nitra NSK"]
[WhiteTeamCountry "SVK"]
[BlackTeamCountry "SVK"]

1. d4 Nf6 2. c4 c5 3. Nf3 cxd4 4. Nxd4 b6 5. Nc3 Bb7 6. e3 e6 7. b3 a6 8. Bb2 d6 9. Rc1 Be7 10. Be2 Nbd7 11. Bf3 Qc7 12. Bxb7 Qxb7 13. Qf3 Qxf3 14. Nxf3 0-0 15. Ke2 b5 16. cxb5 axb5 17. Nd4 b4 18. Na4 d5 19. Rc2 Bd6 20. Rhc1 h5 21. h3 Rfb8 22. Rc6 Bf8 23. f3 Ne5 24. R6c2 Nc4 25. Nc6 Nxb2 26. Rxb2 Rb5 27. Nd4 Rb7 28. Rbc2 g6 29. Rc8 Rxc8 30. Rxc8 Nd7 31. Nc6 Kg7 32. Na5 Ra7 33. Nc6 Rb7 34. Na5 1/2-1/2

[Event "Banska Stiavnica V4 op"]
[Site "Banska Stiavnica"]
[Date "2016.07.02"]
[Round "1"]
[White "Zpevakova, Katerina1111"]
[Black "Banas, Jan"]
[Result "0-1"]
[WhiteElo "1476"]
[BlackElo "2259"]
[PlyCount "47"]
[EventDate "2016.07.02"]
[EventType "swiss"]
[EventRounds "9"]
[EventCountry "SVK"]
[SourceTitle "CBM 173 Extra"]
[Source "ChessBase"]
[SourceDate "2016.08.29"]
[SourceVersion "1"]
[SourceVersionDate "2016.08.29"]
[SourceQuality "1"]

1. Nf3 g6 2. g3 Bg7 3. Bg2 d6 4. c3 e5 5. d3 f5 6. Nbd2 Nf6 7. e4 c6 8. 0-0 0-0 9. a4 Kh8 10. Qc2 Be6 11. b4 Nh5 12. h3 Nd7 13. Nb3 Ndf6 14. Re1 Qd7 15. Ba3 fxe4 16. dxe4 Bxh3 17. Rad1 Bxg2 18. Kxg2 Nf4+ 19. gxf4 Qg4+ 20. Kf1 Qxf3 21. Re3 Qxf4 22. Bc1 Ng4 23. Rg3 Qxg3 24. Ke1 0-1

[Event "Budapest FS03 IM"]
[Site "Budapest"]
[Date "2016.03.08"]
[Round "4"]
[White "Gaehwiler, Gabriel"]
[Black "Banas, Jan"]
[Result "1/2-1/2"]
[WhiteElo "2342"]
[BlackElo "2262"]
[PlyCount "228"]
[EventDate "2016.03.05"]
[EventType "tourn"]
[EventRounds "9"]
[EventCountry "HUN"]
[EventCategory "1"]
[SourceTitle "CBM 171 Extra"]
[Source "ChessBase"]
[SourceDate "2016.04.26"]
[SourceVersion "1"]
[SourceVersionDate "2016.04.26"]
[SourceQuality "1"]

1. e4 c5 2. Nf3 e6 3. d4 cxd4 4. Nxd4 a6 5. Nc3 Qc7 6. g3 Bb4 7. Nde2 Nf6 8. Bg2 Be7 9. 0-0 d6 10. a4 Nc6 11. b3 0-0 12. Bb2 Rb8 13. Nd4 Bd7 14. Re1 Rfd8 15. Qd2 Rbc8 16. Rac1 Be8 17. Re2 Bf8 18. Rce1 Nxd4 19. Qxd4 b5 20. axb5 axb5 21. Ra1 Qc5 22. Qxc5 Rxc5 23. Nd1 Rdc8 24. Ne3 R5c7 25. Rd2 h5 26. e5 dxe5 27. Bxe5 Rd7 28. Rxd7 Nxd7 29. Bb7 Rc5 30. Bd4 Rc7 31. Bf3 e5 32. Bb2 Bc5 33. Ra8 Kf8 34. Nd5 Bxf2+ 35. Kxf2 Rxc2+ 36. Kg1 Rxb2 37. Nc7 Nf6 38. Nxe8 Nxe8 39. Bc6 Ke7 40. Rxe8+ Kf6 41. Rb8 Rxb3 42. Bd5 Rb1+ 43. Kg2 Rb2+ 44. Kf3 Rxh2 45. Rb6+ Ke7 46. Rb7+ Kd6 47. Bxf7 g5 48. Rxb5 g4+ 49. Ke4 Re2+ 50. Kd3 Rg2 51. Bxh5 Rxg3+ 52. Ke4 Rg1 53. Rd5+ Kc6 54. Rd2 Re1+ 55. Kf5 g3 56. Bf3+ Kc5 57. Be4 Rf1+ 58. Kxe5 Rf2 59. Rd3 g2 60. Rc3+ Kb4 61. Rg3 Rd2 62. Bxg2 Re2+ 63. Kd6 Re8 64. Bd5 Rd8+ 65. Ke5 Kc5 66. Rc3+ Kb4 67. Rc1 Rh8 68. Kd4 Rh4+ 69. Be4 Rg4 70. Rb1+ Ka5 71. Kd5 Rg5+ 72. Kc6 Ka4 73. Bd5 Ka3 74. Kc5 Rg3 75. Rb8 Rh3 76. Rf8 Kb2 77. Kd4 Kc1 78. Rf2 Kd1 79. Bc4 Ke1 80. Re2+ Kd1 81. Bd3 Rh8 82. Ra2 Rc8 83. Bc4 Ke1 84. Bd3 Rf8 85. Ke3 Re8+ 86. Be4 Rd8 87. Rh2 Rf8 88. Ra2 Rd8 89. Rh2 Rf8 90. Bg6 Rf6 91. Bh7 Rf7 92. Bd3 Re7+ 93. Be4 Rf7 94. Re2+ Kd1 95. Rb2 Rc7 96. Ra2 Rc5 97. Bd3 Re5+ 98. Be4 Rc5 99. Ra8 Kc1 100. Rb8 Kd1 101. Rg8 Kc1 102. Rg1+ Kb2 103. Kd4 Rc1 104. Rg7 Rc8 105. Rg2+ Ka3 106. Bd5 Kb4 107. Rb2+ Ka5 108. Bc4 Rh8 109. Bd5 Rc8 110. Be6 Rc1 111. Bd5 Rc8 112. Be6 Rc6 113. Bd7 Rc7 114. Be6 Rc6 1/2-1/2

[Event "Budapest FS03 IM"]
[Site "Budapest"]
[Date "2016.03.06"]
[Round "2"]
[White "Terbe, Julianna"]
[Black "Banas, Jan"]
[Result "1-0"]
[WhiteElo "2183"]
[BlackElo "2262"]
[PlyCount "73"]
[EventDate "2016.03.05"]
[EventType "tourn"]
[EventRounds "9"]
[EventCountry "HUN"]
[EventCategory "1"]
[SourceTitle "CBM 171 Extra"]
[Source "ChessBase"]
[SourceDate "2016.04.26"]
[SourceVersion "1"]
[SourceVersionDate "2016.04.26"]
[SourceQuality "1"]

1. e4 c5 2. c3 Nf6 3. e5 Nd5 4. Nf3 e6 5. Bc4 d6 6. 0-0 Nb6 7. Bb3 Nc6 8. d4 dxe5 9. dxe5 Qxd1 10. Rxd1 g6 11. Bf4 Bg7 12. Nbd2 0-0 13. a4 h6 14. Bg3 g5 15. h3 a5 16. Nc4 Nxc4 17. Bxc4 b6 18. Rd6 Bb7 19. Bb5 Rfc8 20. Rad1 Rab8 21. Rd7 Na7 22. Rxb7 Rxb7 23. Ba6 Rbb8 24. Bxc8 Rxc8 25. Rd7 Nc6 26. Rb7 Rb8 27. Rc7 Nd8 28. Nd2 Bf8 29. Nc4 Kg7 30. h4 Kg6 31. f3 Kf5 32. h5 g4 33. Bh4 gxf3 34. gxf3 Kf4 35. Rd7 Be7 36. Bxe7 Nc6 37. Kf2 1-0

[Event "Budapest FS03 IM"]
[Site "Budapest"]
[Date "2016.03.05"]
[Round "1"]
[White "Lyell, Mark"]
[Black "Banas, Jan"]
[Result "1-0"]
[WhiteElo "2167"]
[BlackElo "2262"]
[PlyCount "65"]
[EventDate "2016.03.05"]
[EventType "tourn"]
[EventRounds "9"]
[EventCountry "HUN"]
[EventCategory "1"]
[SourceTitle "CBM 171 Extra"]
[Source "ChessBase"]
[SourceDate "2016.04.26"]
[SourceVersion "1"]
[SourceVersionDate "2016.04.26"]
[SourceQuality "1"]

1. e4 c5 2. Nc3 Nc6 3. Bb5 d6 4. Bxc6+ bxc6 5. f4 e6 6. d3 Ne7 7. Nf3 Ng6 8. 0-0 Be7 9. g3 h6 10. b3 Ba6 11. Bb2 d5 12. f5 Nf8 13. fxe6 Nxe6 14. Ne5 Bf6 15. Nxc6 Qd6 16. Rxf6 gxf6 17. exd5 Ng5 18. Ne4 Nxe4 19. dxe4 Rg8 20. Qf3 Bb5 21. e5 fxe5 22. Bxe5 Qg6 23. Bf6 Kf8 24. Qf4 Rg7 25. Qd6+ Kg8 26. Ne7+ Kh7 27. Nxg6 Rxg6 28. c4 Be8 29. Re1 a5 30. Re7 a4 31. bxa4 Bxa4 32. Rxf7+ Kg8 33. Qe6 1-0

[Event "SVK-chT1W 1516"]
[Site "Slovakia"]
[Date "2015.12.12"]
[Round "5.1"]
[White "Banas, Jan"]
[Black "Ondrus, Martin"]
[Result "1/2-1/2"]
[WhiteElo "2275"]
[BlackElo "2317"]
[PlyCount "27"]
[EventDate "2015.10.24"]
[EventType "team-tourn"]
[EventRounds "11"]
[EventCountry "SVK"]
[SourceTitle "CBM 170 Extra"]
[Source "ChessBase"]
[SourceDate "2016.02.25"]
[SourceVersion "1"]
[SourceVersionDate "2016.02.25"]
[SourceQuality "1"]
[WhiteTeam "Nitra Trogar"]
[BlackTeam "Nitra"]
[WhiteTeamCountry "SVK"]
[BlackTeamCountry "SVK"]

1. c4 Nf6 2. Nc3 c5 3. Nf3 d5 4. cxd5 Nxd5 5. e3 Nc6 6. Bb5 Nxc3 7. bxc3 Qc7 8. d4 e6 9. 0-0 Be7 10. e4 0-0 11. Qe2 Rd8 12. Rd1 Na5 13. Bd3 b6 14. h4 1/2-1/2